<?xml version="1.0" encoding="UTF-8"?>
<collection xmlns:xsi="http://www.w3.org/2001/XMLSchema-instance" xsi:schemaLocation="http://www.loc.gov/MARC21/slim http://www.loc.gov/standards/marcxml/schema/MARC21slim.xsd" xmlns="http://www.loc.gov/MARC21/slim">
 <record>
  <leader>00000cam a22000004a 4500</leader>
  <controlfield tag="001">UP-8027390931312409622</controlfield>
  <controlfield tag="003">Buklod</controlfield>
  <controlfield tag="005">20250815120113.0</controlfield>
  <controlfield tag="006">o--- |     ||   ||</controlfield>
  <controlfield tag="007">ta</controlfield>
  <controlfield tag="008">140522s2001    xx     d     r    |||| u|</controlfield>
  <datafield tag="020" ind1=" " ind2=" ">
   <subfield code="a">0471165581 (cloth : alk. paper)</subfield>
  </datafield>
  <datafield tag="020" ind1=" " ind2=" ">
   <subfield code="a">9780471165583 (cloth : alk. paper)</subfield>
  </datafield>
  <datafield tag="035" ind1=" " ind2=" ">
   <subfield code="a">(iLib)UPCEB-00008353398</subfield>
  </datafield>
  <datafield tag="040" ind1=" " ind2=" ">
   <subfield code="a">DLC</subfield>
   <subfield code="b">eng</subfield>
   <subfield code="c">DLC</subfield>
   <subfield code="d">BAKER</subfield>
   <subfield code="d">BTCTA</subfield>
   <subfield code="d">YDXCP</subfield>
   <subfield code="d">IG#</subfield>
   <subfield code="d">HEBIS</subfield>
   <subfield code="d">FXR</subfield>
   <subfield code="d">VQT</subfield>
   <subfield code="d">OCLCQ</subfield>
   <subfield code="d">BDX</subfield>
  </datafield>
  <datafield tag="042" ind1=" " ind2=" ">
   <subfield code="a">pcc</subfield>
  </datafield>
  <datafield tag="090" ind1=" " ind2="0">
   <subfield code="a">N 72 M3</subfield>
   <subfield code="b">P48 2001</subfield>
  </datafield>
  <datafield tag="100" ind1="1" ind2=" ">
   <subfield code="a">Peterson, Ivars.</subfield>
  </datafield>
  <datafield tag="245" ind1="1" ind2="0">
   <subfield code="a">Fragments of infinity</subfield>
   <subfield code="b">a kaleidoscope of math and art</subfield>
   <subfield code="c">Ivars Peterson.</subfield>
  </datafield>
  <datafield tag="264" ind1=" " ind2="1">
   <subfield code="a">New York</subfield>
   <subfield code="b">Wiley</subfield>
   <subfield code="c">c2001.</subfield>
  </datafield>
  <datafield tag="300" ind1=" " ind2=" ">
   <subfield code="a">vii, 232 p., [8] p. of plates</subfield>
   <subfield code="b">ill. (some col.)</subfield>
   <subfield code="c">25 cm.</subfield>
  </datafield>
  <datafield tag="504" ind1=" " ind2=" ">
   <subfield code="a">Includes bibliographical references (p. 219-224) and index.</subfield>
  </datafield>
  <datafield tag="505" ind1="0" ind2=" ">
   <subfield code="a">Gallery visits -- Theorems in stone -- A place in space -- Plane folds -- Grid fields -- Crystal visions -- Strange sides -- Minimal snow -- Points of view -- Fragments.</subfield>
  </datafield>
  <datafield tag="520" ind1="1" ind2=" ">
   <subfield code="a">&quot;In this visual journey, author Ivars Peterson guides us to the crossroads of mathematics and art, creativity and imagination - and challenges long-held notions about the ways in which these connect.&quot; &quot;Most of us have been led to believe that mathematics is right-brain work, art is left-brain work, case closed. Not so. This book shows just how intertwined the two disciplines are, while sharing exciting glimpses of artists enthralled by the unlimited possibilities offered by mathematically guided explorations. Portraying the works of many contemporary mathematicians who are also artists working in media from metals to glass to snow or whose mathematical thoughts have inspired others to create, Fragments of Infinity draws us into the mysteries of this rich and surprising intersection.&quot; &quot;From one-sided surfaces and four-dimensional spaces to self-similar structures and other bizarre or seemingly impossible features of modern math, we are privy to this collaboration in action as concepts and principles are given visible expression. Featuring more than 250 illustrations and photographs of artworks - 28 in full color - ranging from sculptures both massive and minute to elaborate geometric tapestries and mosaics of startling complexity, this is an expedition into the world of abstract shapes, space, and time made tangible.&quot;--Jacket.</subfield>
  </datafield>
  <datafield tag="650" ind1=" " ind2="0">
   <subfield code="a">Mathematics in art.</subfield>
  </datafield>
  <datafield tag="650" ind1=" " ind2="0">
   <subfield code="a">Visual perception.</subfield>
  </datafield>
  <datafield tag="852" ind1="0" ind2=" ">
   <subfield code="a">UPCEB</subfield>
   <subfield code="b">CEBU-LAHUG</subfield>
   <subfield code="h">N 72 M3 P48 2001</subfield>
  </datafield>
  <datafield tag="942" ind1=" " ind2=" ">
   <subfield code="a">Book</subfield>
  </datafield>
 </record>
</collection>
